Dovolenka a ZP

Dovolenka za kalendárny rok, dovolenka za odpracované dni, dodatková dovolenka. Nárok na dovolenku. Povinnosti zamestnávateľa. Hromadné čerpanie dovolenky. Náhrada mzdy za dovolenku.

Na minha lista:
Detalhes bibliográficos
Autor principal: Mrukviová Tomiová, Sandra
Formato: Capítulo de Livro
Idioma:eslovaco
Assuntos:
Tags: Adicionar Tag
Sem tags, seja o primeiro a adicionar uma tag!

MARC

LEADER 00000naa a2200000 4500
001 0219989
005 20231120140025.5
041 0 |a slo 
044 |a SK 
245 1 0 |a Dovolenka a ZP  |c Sandra Mrukviová Tomiová 
520 |a Dovolenka za kalendárny rok, dovolenka za odpracované dni, dodatková dovolenka. Nárok na dovolenku. Povinnosti zamestnávateľa. Hromadné čerpanie dovolenky. Náhrada mzdy za dovolenku. 
610 2 0 |a dovolenka 
610 2 0 |a zákonník práce 
100 1 |a Mrukviová Tomiová, Sandra